<?xml version="1.0" encoding="UTF-8"?>
<record
    xmlns:xsi="http://www.w3.org/2001/XMLSchema-instance"
    xsi:schemaLocation="http://www.loc.gov/MARC21/slim http://www.loc.gov/standards/marcxml/schema/MARC21slim.xsd"
    xmlns="http://www.loc.gov/MARC21/slim">

  <leader>00605nam a22002057a 4500</leader>
  <controlfield tag="005">20240119160439.0</controlfield>
  <controlfield tag="008">230818b        |||||||| |||| 00| 0 eng d</controlfield>
  <datafield tag="020" ind1=" " ind2=" ">
    <subfield code="a">978-93-90619-45-0</subfield>
  </datafield>
  <datafield tag="041" ind1=" " ind2=" ">
    <subfield code="a">Eng</subfield>
  </datafield>
  <datafield tag="082" ind1=" " ind2=" ">
    <subfield code="2">2nd </subfield>
    <subfield code="a">616.01/DHI</subfield>
  </datafield>
  <datafield tag="100" ind1=" " ind2=" ">
    <subfield code="a">Dhir Anju</subfield>
    <subfield code="9">180634</subfield>
  </datafield>
  <datafield tag="245" ind1=" " ind2=" ">
    <subfield code="a">Textbook of Applied Microbiology Including Infection Control and Safety for BSc Nursing Students  </subfield>
  </datafield>
  <datafield tag="250" ind1=" " ind2=" ">
    <subfield code="a">2nd edition  </subfield>
  </datafield>
  <datafield tag="260" ind1=" " ind2=" ">
    <subfield code="b">CBS Publishers &amp; Distributors Pvt. Ltd.</subfield>
    <subfield code="a">New Delhi</subfield>
    <subfield code="c">2023</subfield>
  </datafield>
  <datafield tag="300" ind1=" " ind2=" ">
    <subfield code="a">XXIX; 529p</subfield>
  </datafield>
  <datafield tag="365" ind1=" " ind2=" ">
    <subfield code="b">895.00</subfield>
  </datafield>
  <datafield tag="500" ind1=" " ind2=" ">
    <subfield code="a">Microbiology</subfield>
  </datafield>
  <datafield tag="650" ind1=" " ind2=" ">
    <subfield code="a">Microbiology</subfield>
  </datafield>
  <datafield tag="942" ind1=" " ind2=" ">
    <subfield code="c">BK</subfield>
  </datafield>
  <datafield tag="999" ind1=" " ind2=" ">
    <subfield code="c">355822</subfield>
    <subfield code="d">355822</subfield>
  </datafield>
  <datafield tag="952" ind1=" " ind2=" ">
    <subfield code="0">0</subfield>
    <subfield code="1">0</subfield>
    <subfield code="2">ddc</subfield>
    <subfield code="4">0</subfield>
    <subfield code="7">0</subfield>
    <subfield code="a">BTIN</subfield>
    <subfield code="b">BTIN</subfield>
    <subfield code="d">2023-08-11</subfield>
    <subfield code="g">895.00</subfield>
    <subfield code="i">65</subfield>
    <subfield code="l">20</subfield>
    <subfield code="m">31</subfield>
    <subfield code="o">M 616.01 DHI DB1136</subfield>
    <subfield code="p">BTIN-DB-1136</subfield>
    <subfield code="r">2026-01-12 09:56:43</subfield>
    <subfield code="s">2025-11-21</subfield>
    <subfield code="w">2023-08-18</subfield>
    <subfield code="y">DB</subfield>
    <subfield code="z">DB1136</subfield>
  </datafield>
  <datafield tag="952" ind1=" " ind2=" ">
    <subfield code="0">0</subfield>
    <subfield code="1">0</subfield>
    <subfield code="2">ddc</subfield>
    <subfield code="4">0</subfield>
    <subfield code="7">0</subfield>
    <subfield code="a">SNCN</subfield>
    <subfield code="b">SNCN</subfield>
    <subfield code="d">2024-01-19</subfield>
    <subfield code="e">157</subfield>
    <subfield code="g">617.55</subfield>
    <subfield code="l">33</subfield>
    <subfield code="m">11</subfield>
    <subfield code="o">616.01/DHI</subfield>
    <subfield code="p">SNCN-BK-3373</subfield>
    <subfield code="r">2026-02-25 12:41:41</subfield>
    <subfield code="s">2026-02-06</subfield>
    <subfield code="v">895.00</subfield>
    <subfield code="w">2024-01-19</subfield>
    <subfield code="y">BK</subfield>
  </datafield>
  <datafield tag="952" ind1=" " ind2=" ">
    <subfield code="0">0</subfield>
    <subfield code="1">0</subfield>
    <subfield code="2">ddc</subfield>
    <subfield code="4">0</subfield>
    <subfield code="7">0</subfield>
    <subfield code="a">SNCN</subfield>
    <subfield code="b">SNCN</subfield>
    <subfield code="d">2024-01-19</subfield>
    <subfield code="e">157</subfield>
    <subfield code="g">617.55</subfield>
    <subfield code="l">33</subfield>
    <subfield code="m">2</subfield>
    <subfield code="o">616.01/DHI</subfield>
    <subfield code="p">SNCN-BK-3375</subfield>
    <subfield code="r">2026-01-13 12:25:56</subfield>
    <subfield code="s">2025-12-26</subfield>
    <subfield code="v">895.00</subfield>
    <subfield code="w">2024-01-19</subfield>
    <subfield code="y">BK</subfield>
  </datafield>
  <datafield tag="952" ind1=" " ind2=" ">
    <subfield code="0">0</subfield>
    <subfield code="1">0</subfield>
    <subfield code="2">ddc</subfield>
    <subfield code="4">0</subfield>
    <subfield code="7">0</subfield>
    <subfield code="a">SNCN</subfield>
    <subfield code="b">SNCN</subfield>
    <subfield code="d">2024-01-19</subfield>
    <subfield code="e">157</subfield>
    <subfield code="g">617.55</subfield>
    <subfield code="l">38</subfield>
    <subfield code="m">5</subfield>
    <subfield code="o">616.01/DHI</subfield>
    <subfield code="p">SNCN-BK-3380</subfield>
    <subfield code="r">2026-02-27 10:47:48</subfield>
    <subfield code="s">2026-02-25</subfield>
    <subfield code="v">895.00</subfield>
    <subfield code="w">2024-01-19</subfield>
    <subfield code="y">BK</subfield>
  </datafield>
  <datafield tag="952" ind1=" " ind2=" ">
    <subfield code="0">0</subfield>
    <subfield code="1">0</subfield>
    <subfield code="2">ddc</subfield>
    <subfield code="4">0</subfield>
    <subfield code="7">0</subfield>
    <subfield code="a">SNCN</subfield>
    <subfield code="b">SNCN</subfield>
    <subfield code="d">2024-01-19</subfield>
    <subfield code="e">157</subfield>
    <subfield code="g">617.55</subfield>
    <subfield code="l">35</subfield>
    <subfield code="m">2</subfield>
    <subfield code="o">616.01/DHI</subfield>
    <subfield code="p">SNCN-BK-3379</subfield>
    <subfield code="q">2026-04-08</subfield>
    <subfield code="r">2026-02-27 10:49:50</subfield>
    <subfield code="s">2026-02-27</subfield>
    <subfield code="v">895.00</subfield>
    <subfield code="w">2024-01-19</subfield>
    <subfield code="y">BK</subfield>
  </datafield>
  <datafield tag="952" ind1=" " ind2=" ">
    <subfield code="0">0</subfield>
    <subfield code="1">0</subfield>
    <subfield code="2">ddc</subfield>
    <subfield code="4">0</subfield>
    <subfield code="7">0</subfield>
    <subfield code="a">SNCN</subfield>
    <subfield code="b">SNCN</subfield>
    <subfield code="d">2024-01-19</subfield>
    <subfield code="e">157</subfield>
    <subfield code="g">617.55</subfield>
    <subfield code="l">37</subfield>
    <subfield code="m">7</subfield>
    <subfield code="o">616.01/DHI</subfield>
    <subfield code="p">SNCN-BK-3372</subfield>
    <subfield code="q">2026-04-27</subfield>
    <subfield code="r">2026-03-17 17:05:18</subfield>
    <subfield code="s">2026-03-17</subfield>
    <subfield code="v">895.00</subfield>
    <subfield code="w">2024-01-19</subfield>
    <subfield code="y">BK</subfield>
  </datafield>
  <datafield tag="952" ind1=" " ind2=" ">
    <subfield code="0">0</subfield>
    <subfield code="1">0</subfield>
    <subfield code="2">ddc</subfield>
    <subfield code="4">0</subfield>
    <subfield code="7">0</subfield>
    <subfield code="a">SNCN</subfield>
    <subfield code="b">SNCN</subfield>
    <subfield code="d">2024-01-19</subfield>
    <subfield code="e">157</subfield>
    <subfield code="g">617.55</subfield>
    <subfield code="l">4</subfield>
    <subfield code="m">2</subfield>
    <subfield code="o">616.01/DHI</subfield>
    <subfield code="p">SNCN-BK-3370</subfield>
    <subfield code="r">2024-06-03 00:00:00</subfield>
    <subfield code="s">2024-06-01</subfield>
    <subfield code="v">895.00</subfield>
    <subfield code="w">2024-01-19</subfield>
    <subfield code="y">BK</subfield>
  </datafield>
  <datafield tag="952" ind1=" " ind2=" ">
    <subfield code="0">0</subfield>
    <subfield code="1">0</subfield>
    <subfield code="2">ddc</subfield>
    <subfield code="4">0</subfield>
    <subfield code="7">0</subfield>
    <subfield code="a">SNCN</subfield>
    <subfield code="b">SNCN</subfield>
    <subfield code="d">2024-01-19</subfield>
    <subfield code="e">157</subfield>
    <subfield code="g">617.55</subfield>
    <subfield code="l">19</subfield>
    <subfield code="m">2</subfield>
    <subfield code="o">616.01/DHI</subfield>
    <subfield code="p">SNCN-BK-3382</subfield>
    <subfield code="r">2025-06-02 00:00:00</subfield>
    <subfield code="s">2025-05-19</subfield>
    <subfield code="v">895.00</subfield>
    <subfield code="w">2024-01-19</subfield>
    <subfield code="y">BK</subfield>
  </datafield>
  <datafield tag="952" ind1=" " ind2=" ">
    <subfield code="0">0</subfield>
    <subfield code="1">0</subfield>
    <subfield code="2">ddc</subfield>
    <subfield code="4">0</subfield>
    <subfield code="7">0</subfield>
    <subfield code="a">SNCN</subfield>
    <subfield code="b">SNCN</subfield>
    <subfield code="d">2024-01-19</subfield>
    <subfield code="e">157</subfield>
    <subfield code="g">617.55</subfield>
    <subfield code="l">38</subfield>
    <subfield code="m">8</subfield>
    <subfield code="o">616.01/DHI</subfield>
    <subfield code="p">SNCN-BK-3376</subfield>
    <subfield code="r">2026-03-06 15:01:56</subfield>
    <subfield code="s">2026-02-20</subfield>
    <subfield code="v">895.00</subfield>
    <subfield code="w">2024-01-19</subfield>
    <subfield code="y">BK</subfield>
  </datafield>
  <datafield tag="952" ind1=" " ind2=" ">
    <subfield code="0">0</subfield>
    <subfield code="1">0</subfield>
    <subfield code="2">ddc</subfield>
    <subfield code="4">0</subfield>
    <subfield code="7">0</subfield>
    <subfield code="a">SNCN</subfield>
    <subfield code="b">SNCN</subfield>
    <subfield code="d">2024-01-19</subfield>
    <subfield code="e">157</subfield>
    <subfield code="g">617.55</subfield>
    <subfield code="l">29</subfield>
    <subfield code="m">3</subfield>
    <subfield code="o">616.01/DHI</subfield>
    <subfield code="p">SNCN-BK-3381</subfield>
    <subfield code="r">2026-02-03 11:03:28</subfield>
    <subfield code="s">2026-01-16</subfield>
    <subfield code="v">895.00</subfield>
    <subfield code="w">2024-01-19</subfield>
    <subfield code="y">BK</subfield>
  </datafield>
  <datafield tag="952" ind1=" " ind2=" ">
    <subfield code="0">0</subfield>
    <subfield code="1">0</subfield>
    <subfield code="2">ddc</subfield>
    <subfield code="4">0</subfield>
    <subfield code="7">0</subfield>
    <subfield code="a">SNCN</subfield>
    <subfield code="b">SNCN</subfield>
    <subfield code="d">2024-01-19</subfield>
    <subfield code="e">157</subfield>
    <subfield code="g">617.55</subfield>
    <subfield code="l">35</subfield>
    <subfield code="m">3</subfield>
    <subfield code="o">616.01/DHI</subfield>
    <subfield code="p">SNCN-BK-3371</subfield>
    <subfield code="r">2026-02-24 14:17:05</subfield>
    <subfield code="s">2026-02-16</subfield>
    <subfield code="v">895.00</subfield>
    <subfield code="w">2024-01-19</subfield>
    <subfield code="y">BK</subfield>
  </datafield>
  <datafield tag="952" ind1=" " ind2=" ">
    <subfield code="0">0</subfield>
    <subfield code="1">0</subfield>
    <subfield code="2">ddc</subfield>
    <subfield code="4">0</subfield>
    <subfield code="7">0</subfield>
    <subfield code="a">SNCN</subfield>
    <subfield code="b">SNCN</subfield>
    <subfield code="d">2024-01-19</subfield>
    <subfield code="e">157</subfield>
    <subfield code="g">617.55</subfield>
    <subfield code="l">34</subfield>
    <subfield code="m">7</subfield>
    <subfield code="o">616.01/DHI</subfield>
    <subfield code="p">SNCN-BK-3378</subfield>
    <subfield code="r">2026-01-12 16:32:19</subfield>
    <subfield code="s">2025-12-22</subfield>
    <subfield code="v">895.00</subfield>
    <subfield code="w">2024-01-19</subfield>
    <subfield code="y">BK</subfield>
  </datafield>
  <datafield tag="952" ind1=" " ind2=" ">
    <subfield code="0">0</subfield>
    <subfield code="1">0</subfield>
    <subfield code="2">ddc</subfield>
    <subfield code="4">0</subfield>
    <subfield code="7">0</subfield>
    <subfield code="a">SNCN</subfield>
    <subfield code="b">SNCN</subfield>
    <subfield code="d">2024-01-19</subfield>
    <subfield code="e">157</subfield>
    <subfield code="g">617.55</subfield>
    <subfield code="l">29</subfield>
    <subfield code="m">8</subfield>
    <subfield code="o">616.01/DHI</subfield>
    <subfield code="p">SNCN-BK-3383</subfield>
    <subfield code="r">2026-01-12 11:21:29</subfield>
    <subfield code="s">2025-12-19</subfield>
    <subfield code="v">895.00</subfield>
    <subfield code="w">2024-01-19</subfield>
    <subfield code="y">BK</subfield>
  </datafield>
  <datafield tag="952" ind1=" " ind2=" ">
    <subfield code="0">0</subfield>
    <subfield code="1">0</subfield>
    <subfield code="2">ddc</subfield>
    <subfield code="4">0</subfield>
    <subfield code="7">0</subfield>
    <subfield code="a">SNCN</subfield>
    <subfield code="b">SNCN</subfield>
    <subfield code="d">2024-01-19</subfield>
    <subfield code="e">157</subfield>
    <subfield code="g">617.55</subfield>
    <subfield code="l">32</subfield>
    <subfield code="m">3</subfield>
    <subfield code="o">616.01/DHI</subfield>
    <subfield code="p">SNCN-BK-3374</subfield>
    <subfield code="r">2026-02-27 10:33:52</subfield>
    <subfield code="s">2026-02-16</subfield>
    <subfield code="v">895.00</subfield>
    <subfield code="w">2024-01-19</subfield>
    <subfield code="y">BK</subfield>
  </datafield>
  <datafield tag="952" ind1=" " ind2=" ">
    <subfield code="0">0</subfield>
    <subfield code="1">0</subfield>
    <subfield code="2">ddc</subfield>
    <subfield code="4">0</subfield>
    <subfield code="7">0</subfield>
    <subfield code="a">SNCN</subfield>
    <subfield code="b">SNCN</subfield>
    <subfield code="d">2024-01-19</subfield>
    <subfield code="e">157</subfield>
    <subfield code="g">617.55</subfield>
    <subfield code="l">33</subfield>
    <subfield code="m">3</subfield>
    <subfield code="o">616.01/DHI</subfield>
    <subfield code="p">SNCN-BK-3369</subfield>
    <subfield code="r">2026-02-20 10:55:23</subfield>
    <subfield code="s">2026-02-03</subfield>
    <subfield code="v">895.00</subfield>
    <subfield code="w">2024-01-19</subfield>
    <subfield code="y">BK</subfield>
  </datafield>
  <datafield tag="952" ind1=" " ind2=" ">
    <subfield code="0">0</subfield>
    <subfield code="1">0</subfield>
    <subfield code="2">ddc</subfield>
    <subfield code="4">0</subfield>
    <subfield code="7">0</subfield>
    <subfield code="a">SNCN</subfield>
    <subfield code="b">SNCN</subfield>
    <subfield code="d">2024-01-19</subfield>
    <subfield code="e">157</subfield>
    <subfield code="g">617.55</subfield>
    <subfield code="l">31</subfield>
    <subfield code="m">4</subfield>
    <subfield code="o">616.01/DHI</subfield>
    <subfield code="p">SNCN-BK-3377</subfield>
    <subfield code="r">2026-01-19 06:43:34</subfield>
    <subfield code="s">2025-12-30</subfield>
    <subfield code="v">895.00</subfield>
    <subfield code="w">2024-01-19</subfield>
    <subfield code="y">BK</subfield>
  </datafield>
</record>
